| 000 | 01253cam a2200205 4500 | ||
|---|---|---|---|
| 001 | WB3925-19 | ||
| 008 | 030702n2003 000 0 eng u | ||
| 035 | _a(Sirsi) u122893 | ||
| 245 | _aStark warning on transport | ||
| 260 | _c2003 | ||
| 490 |
_aCBI News Release _v1 July 2003 (4) |
||
| 520 | _aThe CBI's third annual review of the government's 10-year transport plan warns that the plan is failing to deliver key pledges or provide a solution to congestion. The report calls on government to achieve short-term transport improvements, address inconsistent progress with local transport plans, speed up planning for major projects, sustain the level of funding pledged and reduce growth in traffic congestion. "Credibility on the line: 10-year plan progress report" available at www.cbi.org.uk/ndbs/press.nsf/0363c1f07c6ca12a8025671c00381cc7/a4ce0e7f7db1d48e80256d4e003ab41b/$FILE/Transport+10+year+plan+brief+July+2003+pdf.pdf. www.cbi.org.uk/ndbs/press.nsf/0363c1f07c6ca12a8025671c00381cc7/a4ce0e7f7db1d48e80256d4e003ab41b?OpenDocument | ||
| 590 | _aWB | ||
| 650 | _aTRANSPORT POLICY | ||
| 650 | _aGOVERNMENT POLICY | ||
| 650 | _aTRANSPORT PLANNING | ||
| 650 | _aPUBLIC TRANSPORT | ||
| 690 | _aTRANSPORT AND COMMUNICATIONS | ||
| 942 | _n0 | ||
| 999 |
_c72985 _d72985 |
||